[Event "SVK-chT4 A21 1819"]
[Site "Slovakia"]
[Date "2019.03.03"]
[Round "10.2"]
[White "Bzdusek, Jan Sr"]
[Black "Tomasovic, Roman"]
[Result "1-0"]
[WhiteElo "1901"]
[BlackElo "1548"]
[PlyCount "81"]
[EventDate "2018.10.14"]
[EventType "team-tourn"]
[EventRounds "11"]
[EventCountry "SVK"]
[SourceTitle "CBM 189 Extra"]
[Source "ChessBase"]
[SourceDate "2019.06.03"]
[SourceVersion "1"]
[SourceVersionDate "2019.06.03"]
[SourceQuality "1"]
[WhiteTeam "Piestany Kupele III"]
[BlackTeam "Stefanov"]
[WhiteTeamCountry "SVK"]
[BlackTeamCountry "SVK"]

1. d4 d5 2. c4 e6 3. Nc3 Bb4 4. Nf3 Nf6 5. Bg5 Nbd7 6. e3 h6 7. Bh4 g5 8. Bg3 Ne4 9. Rc1 c6 10. Bd3 Nxg3 11. fxg3 Qe7 12. 0-0 Bxc3 13. Rxc3 Nf6 14. Ne5 Rf8 15. Qf3 Nd7 16. cxd5 Nxe5 17. dxe5 exd5 18. Qf6 Qxf6 19. Rxf6 Bd7 20. Rxh6 0-0-0 21. Rh5 Rg8 22. Rh7 Be6 23. Ra3 a6 24. Ra4 Rd7 25. h4 g4 26. Rf4 c5 27. Bf5 d4 28. Bxe6 fxe6 29. Rxd7 Kxd7 30. exd4 c4 31. Kf2 b5 32. Ke3 Kc6 33. Ke4 b4 34. Rf6 Rc8 35. Rxe6+ Kb5 36. Rf6 c3 37. bxc3 bxc3 38. Rf1 Kc4 39. d5 Rc5 40. e6 Rxd5 41. e7 1-0